Laura : prokletí městečka Palokaski /

Hlavní autor: Johansson, J. K.
Další autoři: Švec, Michal, 1984-
Jazyk: Čeština
Vydáno: Praha : XYZ, 2015
Témata:
Fyzický popis: 203 stran ; 20 cm
Knihy
Uloženo v:
LEADER 01424nam a2200421 i 4500
001 nkc20152699855
003 CZ PrNK
005 20160915091305.0
007 ta
008 150514s2015 xr g 000 f cze
015 |a cnb002699855 
020 |a 978-80-7505-088-5  |q (vázáno) 
035 |a (OCoLC)913564768 
040 |a OLA001  |b cze  |e rda 
041 1 |a cze  |h fin 
072 7 |a 821.51  |x Uraloaltajské literatury  |2 Konspekt  |9 25 
080 |a 821.511.111-31  |2 MRF 
080 |a (0:82-312.4)  |2 MRF 
100 1 |a Johansson, J. K.  |7 ola2015871906  |4 aut 
240 1 0 |a Laura.  |l Česky 
245 1 0 |a Laura :  |b prokletí městečka Palokaski /  |c J.K. Johansson ; z finského originálu Laura ... přeložil Michal Švec 
246 3 0 |a Prokletí městečka Palokaski 
264 1 |a Praha :  |b XYZ,  |c 2015 
300 |a 203 stran ;  |c 20 cm 
336 |a text  |b txt  |2 rdacontent 
337 |a bez média  |b n  |2 rdamedia 
338 |a svazek  |b nc  |2 rdacarrier 
655 7 |a finské romány  |7 fd132268  |2 czenas 
655 7 |a thrillery (romány)  |7 fd184206  |2 czenas 
655 9 |a Finnish fiction  |2 eczenas 
655 9 |a thrillers (novels)  |2 eczenas 
700 1 |a Švec, Michal,  |d 1984-  |7 mzk2007423828  |4 trl 
910 2 |a BOA001  |b 1-1346.738 
928 9 |a Albatros Media - XYZ 
990 |a BK 
995 |a 01 
991 |b 201505  |c NOV  |e b 
996 6 |b 2610633665  |c 1-1346.738  |l MZK  |r Sklad / do 1 hodiny  |n 0  |p p.v.  |w 001506687  |u 000010  |a 1  |e BOA001  |j MZK50  |s P